<?xml version="1.0" encoding="UTF-8"?>
<record
    xmlns:xsi="http://www.w3.org/2001/XMLSchema-instance"
    xsi:schemaLocation="http://www.loc.gov/MARC21/slim http://www.loc.gov/standards/marcxml/schema/MARC21slim.xsd"
    xmlns="http://www.loc.gov/MARC21/slim">

  <leader>01568nam a22002777a 4500</leader>
  <controlfield tag="001">10094</controlfield>
  <controlfield tag="003">FISKH</controlfield>
  <controlfield tag="005">20260408100913.0</controlfield>
  <controlfield tag="008">260408b        cb ||||| |||| 00| 0 eng d</controlfield>
  <datafield tag="020" ind1=" " ind2=" ">
    <subfield code="a">9789924502142</subfield>
  </datafield>
  <datafield tag="040" ind1=" " ind2=" ">
    <subfield code="a">FISKH</subfield>
    <subfield code="b">eng</subfield>
    <subfield code="c">FISKH</subfield>
    <subfield code="d">FISKH</subfield>
  </datafield>
  <datafield tag="050" ind1=" " ind2=" ">
    <subfield code="a">PL4321 .R35</subfield>
  </datafield>
  <datafield tag="082" ind1=" " ind2=" ">
    <subfield code="a">495.9321</subfield>
  </datafield>
  <datafield tag="100" ind1=" " ind2=" ">
    <subfield code="a">Chantha, Chaem </subfield>
  </datafield>
  <datafield tag="245" ind1=" " ind2=" ">
    <subfield code="a">&#x179A;&#x1780;&#x179A;&#x17BC;&#x1794; &#x179A;&#x1780;&#x1796;&#x17B6;&#x1780;&#x17D2;&#x1799; /</subfield>
    <subfield code="c">&#x179F;&#x17C1;&#x1784; &#x179C;&#x17B7;&#x179F;&#x17BB;&#x1791;&#x17D2;&#x1791;</subfield>
  </datafield>
  <datafield tag="260" ind1=" " ind2=" ">
    <subfield code="a">Phnom Penh : </subfield>
    <subfield code="b">Sok Heng Printing House, </subfield>
    <subfield code="c">2019.</subfield>
  </datafield>
  <datafield tag="300" ind1=" " ind2=" ">
    <subfield code="a">24 pages : </subfield>
    <subfield code="b">color illustrations ; </subfield>
    <subfield code="c">19 cm </subfield>
  </datafield>
  <datafield tag="505" ind1=" " ind2=" ">
    <subfield code="a">F
</subfield>
  </datafield>
  <datafield tag="520" ind1=" " ind2=" ">
    <subfield code="a">&#x179F;&#x17C0;&#x179C;&#x1797;&#x17C5;&#x179A;&#x17BC;&#x1794;&#x1797;&#x17B6;&#x1796;&#x1797;&#x17B6;&#x179F;&#x17B6;&#x1781;&#x17D2;&#x1798;&#x17C2;&#x179A;&#x179F;&#x1798;&#x17D2;&#x179A;&#x17B6;&#x1794;&#x17CB;&#x1780;&#x17BB;&#x1798;&#x17B6;&#x179A; &#x178A;&#x17C2;&#x179B;&#x1787;&#x17BD;&#x1799;&#x17B2;&#x17D2;&#x1799;&#x17A2;&#x17D2;&#x1793;&#x1780;&#x17A2;&#x17B6;&#x1793;&#x179F;&#x1784;&#x17D2;&#x1780;&#x17C1;&#x178F;&#x179A;&#x17BC;&#x1794;&#x1797;&#x17B6;&#x1796; &#x1793;&#x17B7;&#x1784;&#x179F;&#x17D2;&#x179C;&#x17C2;&#x1784;&#x179A;&#x1780;&#x1796;&#x17B6;&#x1780;&#x17D2;&#x1799;&#x1796;&#x17B6;&#x1780;&#x17CB;&#x1796;&#x17D0;&#x1793;&#x17D2;&#x1792;&#x1793;&#x17C5;&#x1780;&#x17D2;&#x1793;&#x17BB;&#x1784;&#x1787;&#x17B8;&#x179C;&#x17B7;&#x178F;&#x1794;&#x17D2;&#x179A;&#x1785;&#x17B6;&#x17C6;&#x1790;&#x17D2;&#x1784;&#x17C3;&#x17D4; &#x179F;&#x17C0;&#x179C;&#x1797;&#x17C5;&#x1793;&#x17C1;&#x17C7;&#x1787;&#x17BD;&#x1799;&#x17A2;&#x1797;&#x17B7;&#x179C;&#x178C;&#x17D2;&#x178D;&#x179C;&#x17B6;&#x1780;&#x17D2;&#x1799;&#x179F;&#x1796;&#x17D2;&#x1791; &#x1787;&#x17C6;&#x1793;&#x17B6;&#x1789;&#x179F;&#x1784;&#x17D2;&#x1780;&#x17C1;&#x178F; &#x1793;&#x17B7;&#x1784;&#x1780;&#x17B6;&#x179A;&#x17A2;&#x17B6;&#x1793;&#x178A;&#x17C6;&#x1794;&#x17BC;&#x1784;&#x179F;&#x1798;&#x17D2;&#x179A;&#x17B6;&#x1794;&#x17CB;&#x1780;&#x17BB;&#x1798;&#x17B6;&#x179A;&#x178F;&#x17BC;&#x1785;&#x17D7;&#x17D4;</subfield>
  </datafield>
  <datafield tag="520" ind1=" " ind2=" ">
    <subfield code="a">This Khmer picture book for children helps readers observe images and find words related to everyday life. It supports the development of vocabulary, observation skills, and early reading skills for young children.</subfield>
  </datafield>
  <datafield tag="650" ind1=" " ind2=" ">
    <subfield code="a">Vocabulary</subfield>
    <subfield code="v">Juvenile literature</subfield>
    <subfield code="x">Picture books for children</subfield>
  </datafield>
  <datafield tag="650" ind1=" " ind2=" ">
    <subfield code="a">Searching Vocabulary </subfield>
    <subfield code="v">Searching Pictures </subfield>
  </datafield>
  <datafield tag="700" ind1=" " ind2=" ">
    <subfield code="a">Visoth, Seng Illustrator </subfield>
  </datafield>
  <datafield tag="942" ind1=" " ind2=" ">
    <subfield code="2">ddc</subfield>
    <subfield code="c">KHB</subfield>
    <subfield code="n">0</subfield>
  </datafield>
  <datafield tag="999" ind1=" " ind2=" ">
    <subfield code="c">10094</subfield>
    <subfield code="d">10094</subfield>
  </datafield>
  <datafield tag="952" ind1=" " ind2=" ">
    <subfield code="0">0</subfield>
    <subfield code="1">0</subfield>
    <subfield code="2">ddc</subfield>
    <subfield code="4">0</subfield>
    <subfield code="7">0</subfield>
    <subfield code="8">KH</subfield>
    <subfield code="a">002</subfield>
    <subfield code="b">002</subfield>
    <subfield code="c">TTP Khmer</subfield>
    <subfield code="d">2026-04-08</subfield>
    <subfield code="l">0</subfield>
    <subfield code="o">CHA 495.9321 PL4321 .R35</subfield>
    <subfield code="p">2026-0465</subfield>
    <subfield code="r">2026-04-08 09:56:00</subfield>
    <subfield code="t">1</subfield>
    <subfield code="w">2026-04-08</subfield>
    <subfield code="y">KHB</subfield>
  </datafield>
</record>
